[Event "4NCL Division 2a"]
[Site "Hinckley Island ENG"]
[Date "2014.01.11"]
[Round "3.11"]
[White "Brown, Tom"]
[Black "Thomas, Nicholas"]
[Result "0-1"]
[WhiteElo "2088"]
[BlackElo "2299"]
[PlyCount "98"]
[EventDate "2014.01.11"]
[WhiteTeam "Rhyfelwyr Essyllwg"]
[BlackTeam "Warwickshire Select 1"]

1. d4 e6 2. g3 f5 3. Bg2 Nf6 4. Nf3 d6 5. O-O Be7 6. c4 O-O 7. Nc3 Ne4 8. Nxe4
fxe4 9. Nd2 d5 10. f3 Bf6 11. e3 exf3 12. Bxf3 Nc6 13. Kh1 a5 14. b3 Nb4 15. a3
Nd3 16. Qc2 Nxc1 17. Raxc1 c6 18. b4 axb4 19. axb4 Qe7 20. Rb1 Bd7 21. Nb3 Be8
22. Be2 Bg6 23. Bd3 Ra2 24. Qxa2 Bxd3 25. Nc5 Bxf1 26. Rxf1 Bxd4 27. Rxf8+ Qxf8
28. Kg2 Bxc5 29. bxc5 Qxc5 30. Qa8+ Kf7 31. Qxb7+ Kf6 32. Qb2+ e5 33. cxd5
Qxd5+ 34. Kg1 Qe4 35. Qb6 h6 36. Kf2 Kg6 37. h4 Qc2+ 38. Kg1 Qd1+ 39. Kf2 Qd2+
40. Kf1 Qd5 41. Kf2 h5 42. Qb1+ e4 43. Ke2 Qd3+ 44. Qxd3 exd3+ 45. Kxd3 Kf5 46.
Kd4 Ke6 47. Ke4 g6 48. Kd4 Kf5 49. e4+ Ke6 0-1

[Event "4NCL Division 2a"]
[Site "Hinckley Island ENG"]
[Date "2014.01.11"]
[Round "3.12"]
[White "Pitcher, John"]
[Black "Bullen, Alex"]
[Result "0-1"]
[WhiteElo "2251"]
[BlackElo "2016"]
[PlyCount "80"]
[EventDate "2014.01.11"]
[WhiteTeam "Warwickshire Select 1"]
[BlackTeam "Rhyfelwyr Essyllwg"]

1. e4 c5 2. Nc3 e6 3. f4 d5 4. Nf3 dxe4 5. Nxe4 Nc6 6. Bb5 Bd7 7. O-O Be7 8. d3
Nf6 9. c3 Qb6 10. Bc4 Rd8 11. Kh1 O-O 12. Qe2 Qc7 13. a3 Na5 14. Ba2 Bb5 15. c4
Ba4 16. Nc3 Bc6 17. Ne5 b6 18. b4 cxb4 19. axb4 Bxb4 20. Bb2 Ba8 21. Rad1 Nc6
22. Nb5 Qb7 23. Nxc6 Qxc6 24. Bb1 a6 25. Nd4 Qb7 26. Nf3 Be7 27. Rde1 Bb4 28.
Rc1 Rc8 29. Ng5 Be7 30. Rf3 h6 31. Ne4 Nxe4 32. dxe4 b5 33. Rg3 f6 34. Qg4 Bb4
35. Qxe6+ Qf7 36. Qxa6 bxc4 37. Qa4 Bd2 38. Rd1 Rfd8 39. e5 Bxf4 40. Rxd8+ Rxd8
0-1

[Event "4NCL Division 2a"]
[Site "Hinckley Island ENG"]
[Date "2014.01.11"]
[Round "3.14"]
[White "Mason, Donald J"]
[Black "Hatchett, Paul D"]
[Result "1-0"]
[WhiteElo "2203"]
[BlackElo "1972"]
[PlyCount "67"]
[EventDate "2014.01.11"]
[WhiteTeam "Warwickshire Select 1"]
[BlackTeam "Rhyfelwyr Essyllwg"]

1. d4 d5 2. Nf3 Nf6 3. c4 dxc4 4. e3 g6 5. Bxc4 Bg7 6. Qa4+ Nfd7 7. Bxf7+ Kxf7
8. Ng5+ Kf6 9. e4 e6 10. Qa3 Qf8 11. e5+ Nxe5 12. dxe5+ Kxe5 13. Qg3+ Kf6 14.
b3 Na6 15. Nd2 Ke7 16. Ba3+ c5 17. Rd1 Qf5 18. Nde4 Be5 19. Qd3 Bc7 20. O-O h6
21. Qc3 Qe5 22. Qxe5 Bxe5 23. Nf3 Bc7 24. Nxc5 Nxc5 25. Bxc5+ Kf7 26. Bd6 Bb6
27. Ne5+ Kg7 28. Rd3 Bd8 29. Rc1 b6 30. Rf3 Ba6 31. Rf7+ Kg8 32. Rc3 Rc8 33.
Rxc8 Bxc8 34. Rxa7 1-0

[Event "4NCL Division 2a"]
[Site "Hinckley Island ENG"]
[Date "2014.01.11"]
[Round "3.15"]
[White "Blackburn, Suzy G"]
[Black "James, Ann-Marie"]
[Result "0-1"]
[WhiteElo "1959"]
[BlackElo "2068"]
[PlyCount "73"]
[EventDate "2014.01.11"]
[WhiteTeam "Rhyfelwyr Essyllwg"]
[BlackTeam "Warwickshire Select 1"]

1. d4 Nf6 2. Nf3 d5 3. Bf4 g6 4. Nbd2 Bg7 5. e3 O-O 6. Bd3 c5 7. c3 Nc6 8. dxc5
Nd7 9. Nb3 e5 10. Bg5 f6 11. Bh4 e4 12. Nfd4 Nxd4 13. Nxd4 exd3 14. Ne6 Qe7 15.
Nxf8 Kxf8 16. Qxd3 Nxc5 17. Qd2 Bf5 18. O-O Rd8 19. Rad1 h5 20. h3 Rd7 21. b4
Ne4 22. Qd4 Qe5 23. Qxa7 Nxc3 24. Qc5+ Kf7 25. Bg3 Ne2+ 26. Kh1 Nxg3+ 27. fxg3
Bf8 28. Qb5 Be6 29. Rf3 Bd6 30. Rdf1 Kg7 31. a4 h4 32. Qb6 Bf5 33. Qb5 Rc7 34.
Rd1 Be4 35. Rf4 g5 36. Rg4 hxg3 37. Rd4 0-1

[Event "4NCL Division 2a"]
[Site "Hinckley Island ENG"]
[Date "2014.01.11"]
[Round "3.16"]
[White "Hynes, AM (Tony)"]
[Black "Staniforth, Matthew"]
[Result "1/2-1/2"]
[WhiteElo "2164"]
[BlackElo "1899"]
[PlyCount "64"]
[EventDate "2014.01.11"]
[WhiteTeam "Warwickshire Select 1"]
[BlackTeam "Rhyfelwyr Essyllwg"]

1. e4 d5 2. exd5 Qxd5 3. Nc3 Qa5 4. d4 Nf6 5. Nf3 c6 6. Bc4 Bf5 7. Bd2 e6 8.
Nd5 Qd8 9. Nxf6+ Qxf6 10. c3 Bg4 11. Be2 Nd7 12. h3 Bxf3 13. Bxf3 Bd6 14. Qb3
Nb6 15. a4 Rb8 16. a5 Nd5 17. c4 Nf4 18. g3 Ng6 19. c5 Bc7 20. a6 Qxd4 21. axb7
Ne5 22. Be2 Qxc5 23. Be3 Qd5 24. Qxd5 cxd5 25. Rxa7 O-O 26. Bb5 d4 27. Bf4 Rfd8
28. Bxe5 Bxe5 29. Kd2 d3 30. Bc6 Bxb2 31. Ra8 Be5 32. Rb1 Kf8 1/2-1/2

[Event "4NCL Division 2a"]
[Site "Hinckley Island ENG"]
[Date "2014.01.11"]
[Round "3.21"]
[White "Rudd, Jack"]
[Black "Makarov, Alexander"]
[Result "1-0"]
[WhiteElo "2206"]
[BlackElo "2154"]
[PlyCount "95"]
[EventDate "2014.01.11"]
[WhiteTeam "Bristol 1"]
[BlackTeam "Cambridge University 2"]

1. e4 c5 2. Nf3 d6 3. d4 cxd4 4. Nxd4 Nf6 5. Nc3 a6 6. Be3 e5 7. Nb3 Be6 8. f3
Nbd7 9. Qd2 Qc7 10. O-O-O Nb6 11. g4 h6 12. h4 Be7 13. Be2 Nfd7 14. f4 f6 15.
f5 Bg8 16. g5 hxg5 17. hxg5 Rxh1 18. Rxh1 O-O-O 19. g6 Nc5 20. Nxc5 dxc5 21.
Qe1 Qc6 22. Rh8 Bc4 23. Rxd8+ Bxd8 24. Bxc4 Nxc4 25. Nd5 Qa4 26. a3 Ba5 27. Qh4
Nxe3 28. Qh8+ Kd7 29. Qxg7+ Kc6 30. Qxf6+ Kb5 31. Nxe3 Qxe4 32. Qg5 Bd8 33. a4+
Kc6 34. Qxd8 Qxe3+ 35. Kb1 Qg1+ 36. Ka2 Qg4 37. Qf6+ Kd7 38. Qe6+ Kd8 39. Qd5+
Kc8 40. Qxc5+ Kd7 41. Qd5+ Kc8 42. Qe6+ Kd8 43. Kb3 b5 44. axb5 axb5 45. Qb6+
Kc8 46. Qxb5 Qxf5 47. g7 Qf3+ 48. Kb4 1-0

[Event "4NCL Division 2a"]
[Site "Hinckley Island ENG"]
[Date "2014.01.11"]
[Round "3.22"]
[White "Spencer, Carl J"]
[Black "Beaumont, Chris R"]
[Result "1/2-1/2"]
[WhiteElo "2204"]
[BlackElo "2284"]
[PlyCount "71"]
[EventDate "2014.01.11"]
[WhiteTeam "Cambridge University 2"]
[BlackTeam "Bristol 1"]

1. e4 g6 2. d4 Bg7 3. Nc3 d6 4. Nf3 a6 5. Be2 b5 6. O-O Bb7 7. a4 b4 8. Nd5 e6
9. Nxb4 Bxe4 10. Ng5 Bb7 11. Bf3 d5 12. c3 Nf6 13. g3 O-O 14. Nd3 Nbd7 15. Re1
h6 16. Nh3 Ne4 17. Be3 Kh7 18. Bg2 a5 19. f3 Nd6 20. f4 Rb8 21. b3 Nf5 22. Bf2
c5 23. Ne5 cxd4 24. cxd4 Nd6 25. Be3 Nf6 26. Nf2 Nfe4 27. Rc1 Nf5 28. Qd3 Nxe3
29. Rxe3 Nxf2 30. Kxf2 Ba8 31. Rc5 Rb4 32. Rb5 Rxb5 33. Qxb5 Qc7 34. Bf1 Kg8
35. Qc5 Rc8 36. Rc3 1/2-1/2

[Event "4NCL Division 2a"]
[Site "Hinckley Island ENG"]
[Date "2014.01.11"]
[Round "3.23"]
[White "Buckley, David E"]
[Black "Karayiannis, Costas"]
[Result "1-0"]
[WhiteElo "2258"]
[BlackElo "2169"]
[PlyCount "93"]
[EventDate "2014.01.11"]
[WhiteTeam "Bristol 1"]
[BlackTeam "Cambridge University 2"]

1. d4 Nf6 2. c4 e6 3. Nc3 Bb4 4. Qc2 O-O 5. e4 d5 6. e5 Ne4 7. Bd3 c5 8. Nf3
Nc6 9. dxc5 f5 10. exf6 Nxf6 11. O-O Bxc5 12. a3 Bd6 13. Bg5 h6 14. Bh4 g5 15.
Bg3 Bxg3 16. hxg3 d4 17. Ne4 Nxe4 18. Bxe4 Qf6 19. Rad1 e5 20. Rfe1 Bg4 21. c5
Kh8 22. b4 a6 23. Rb1 Rae8 24. a4 Bc8 25. b5 axb5 26. axb5 Nd8 27. c6 bxc6 28.
bxc6 Ne6 29. Bg6 Re7 30. Nxe5 Nc7 31. Nf3 Rxe1+ 32. Rxe1 Kg7 33. Bd3 Re8 34.
Rxe8 Nxe8 35. Qc5 Qd6 36. Qxd4+ Qxd4 37. Nxd4 Kf6 38. f4 Nc7 39. Be4 Na6 40.
Kf2 Nc7 41. Ke3 Ke7 42. Nf5+ Bxf5 43. Bxf5 Kd6 44. Bd7 Nd5+ 45. Ke4 Ne7 46.
fxg5 hxg5 47. g4 1-0

[Event "4NCL Division 2a"]
[Site "Hinckley Island ENG"]
[Date "2014.01.11"]
[Round "3.24"]
[White "Beckett, Chris J"]
[Black "Dilleigh, Stephen P"]
[Result "1/2-1/2"]
[WhiteElo "2122"]
[BlackElo "2154"]
[PlyCount "55"]
[EventDate "2014.01.11"]
[WhiteTeam "Cambridge University 2"]
[BlackTeam "Bristol 1"]

1. d4 d5 2. Nc3 Nf6 3. e4 e6 4. e5 Nfd7 5. Qh5 c5 6. Nf3 g6 7. Qg4 a6 8. Bg5
Qc7 9. O-O-O h6 10. Nxd5 exd5 11. e6 f5 12. exd7+ Nxd7 13. Re1+ Kf7 14. Qf4 Qa5
15. Ne5+ Kg8 16. Bc4 hxg5 17. Bxd5+ Kh7 18. Qg3 cxd4 19. h4 Qxd5 20. hxg5+ Kg7
21. Rxh8 Kxh8 22. Qh4+ Kg8 23. Rh1 Bg7 24. Qh7+ Kf8 25. Nxg6+ Kf7 26. Nh8+ Kf8
27. Ng6+ Kf7 28. Nh8+ 1/2-1/2

[Event "4NCL Division 2a"]
[Site "Hinckley Island ENG"]
[Date "2014.01.11"]
[Round "3.25"]
[White "Krzyzanowski, Patryk"]
[Black "Pickard, Charles"]
[Result "0-1"]
[WhiteElo "2008"]
[BlackElo "2108"]
[PlyCount "98"]
[EventDate "2014.01.11"]
[WhiteTeam "Bristol 1"]
[BlackTeam "Cambridge University 2"]

1. d4 Nf6 2. c4 g6 3. Nc3 Bg7 4. Nf3 d6 5. Bf4 Nbd7 6. e3 c6 7. a3 O-O 8. Be2
Qe8 9. h3 a6 10. O-O b5 11. Rc1 bxc4 12. Bxc4 Nb6 13. Ba2 Nfd5 14. Nxd5 cxd5
15. Qd2 a5 16. Rc7 Ba6 17. Qxa5 Qb8 18. Rc6 Bxf1 19. Qxb6 Qxb6 20. Rxb6 Bc4 21.
Bxc4 dxc4 22. Nd2 Rfc8 23. Rb7 e5 24. dxe5 Bxe5 25. Bxe5 dxe5 26. Rb4 c3 27.
bxc3 Rxa3 28. c4 Ra1+ 29. Nb1 Rca8 30. Kh2 R8a4 31. Rb8+ Kg7 32. c5 R4a2 33.
Nc3 Rxf2 34. c6 Rc2 35. c7 Rxc3 36. c8=Q Rxc8 37. Rxc8 Ra3 38. e4 Ra4 39. Kg3
Rxe4 40. Rc7 h5 41. Kf3 Rf4+ 42. Ke3 Kf6 43. g3 Ra4 44. Rb7 h4 45. g4 Ra3+ 46.
Ke4 Rxh3 47. g5+ Kxg5 48. Rxf7 Rh1 49. Rg7 Rf1 0-1

[Event "4NCL Division 2a"]
[Site "Hinckley Island ENG"]
[Date "2014.01.11"]
[Round "3.26"]
[White "Kueh, Audrey"]
[Black "Musson, Adam J"]
[Result "1-0"]
[WhiteElo "2073"]
[BlackElo "2096"]
[PlyCount "151"]
[EventDate "2014.01.11"]
[WhiteTeam "Cambridge University 2"]
[BlackTeam "Bristol 1"]

1. e4 c6 2. d4 d5 3. Nd2 dxe4 4. Nxe4 Bf5 5. Ng3 Bg6 6. Nf3 Nd7 7. h4 h6 8. h5
Bh7 9. Bd3 Bxd3 10. Qxd3 e6 11. Bd2 Ngf6 12. O-O-O Be7 13. Ne4 Nxe4 14. Qxe4
Nf6 15. Qd3 O-O 16. Ne5 c5 17. Rh4 cxd4 18. Rxd4 Qc7 19. Nd7 Rfd8 20. Bb4 Rxd7
21. Rxd7 Nxd7 22. Bxe7 Ne5 23. Qd6 Qxd6 24. Rxd6 f6 25. f4 Kf7 26. Bxf6 gxf6
27. fxe5 Ke7 28. Rd3 fxe5 29. Rg3 Rf8 30. Rg7+ Kd6 31. b4 Rf2 32. a4 e4 33. g4
e3 34. Kd1 Rd2+ 35. Ke1 Rxc2 36. Rxb7 Rc4 37. g5 hxg5 38. h6 Rh4 39. h7 Ke5 40.
Rxa7 Rh1+ 41. Ke2 Ke4 42. Rg7 Rh2+ 43. Ke1 Kd3 44. Rd7+ Kc4 45. a5 g4 46. a6 g3
47. a7 g2 48. Rg7 Rxh7 49. a8=Q Rxg7 50. Qe4+ Kb3 51. Qxe6+ Ka4 52. Qe8+ Kb3
53. Qxe3+ Ka4 54. Qe8+ Kb3 55. Qe6+ Ka3 56. Qa6+ Kb3 57. Qd3+ Ka4 58. Qc2+ Kb5
59. Qc5+ Ka4 60. Qg1 Kb5 61. Kd2 Rg5 62. Kd3 Rg3+ 63. Ke4 Rg5 64. Kf4 Rg7 65.
Kf5 Rg3 66. Kf6 Rf3+ 67. Ke6 Rg3 68. Qc5+ Ka4 69. Qc2+ Kb5 70. Qe2+ Ka4 71.
Qa2+ Kxb4 72. Qd2+ Kb3 73. Qd1+ Kb2 74. Qd4+ Kb3 75. Qb6+ Ka4 76. Qa7+ 1-0

[Event "4NCL Division 2a"]
[Site "Hinckley Island ENG"]
[Date "2014.01.11"]
[Round "3.27"]
[White "Slade, Theo"]
[Black "Chan, Nevil"]
[Result "0-1"]
[WhiteElo "1811"]
[BlackElo "2012"]
[PlyCount "66"]
[EventDate "2014.01.11"]
[WhiteTeam "Bristol 1"]
[BlackTeam "Cambridge University 2"]

1. d4 Nc6 2. Nf3 d5 3. Bf4 Bg4 4. e3 e6 5. c4 Bd6 6. Bg3 Nf6 7. Nc3 O-O 8. cxd5
exd5 9. h3 Bh5 10. Bh4 Be7 11. Bd3 Nb4 12. Bb1 c6 13. Bxf6 Bxf6 14. O-O Na6 15.
Bd3 Nc7 16. b4 a6 17. a4 Ne8 18. Qe2 Nd6 19. b5 Qa5 20. Rfc1 axb5 21. axb5 Qxa1
22. Rxa1 Rxa1+ 23. Kh2 Bg6 24. Bxg6 hxg6 25. Qb2 Rfa8 26. bxc6 bxc6 27. Qb6
R1a6 28. Qc7 Ne8 29. Qd7 Kf8 30. e4 dxe4 31. Nxe4 Be7 32. Ne5 Nf6 33. Nxc6 Nxd7
0-1

[Event "4NCL Division 2a"]
[Site "Hinckley Island ENG"]
[Date "2014.01.11"]
[Round "3.28"]
[White "Gordon-Brown, Alexander J"]
[Black "White, Martin J"]
[Result "1-0"]
[WhiteElo "2004"]
[BlackElo "1844"]
[PlyCount "124"]
[EventDate "2014.01.11"]
[WhiteTeam "Cambridge University 2"]
[BlackTeam "Bristol 1"]

1. d4 Nf6 2. c4 e6 3. Nc3 Bb4 4. Nf3 b6 5. Bg5 Bb7 6. e3 O-O 7. Bd3 c5 8. d5
exd5 9. cxd5 Bxd5 10. Bxf6 Qxf6 11. Bxh7+ Kxh7 12. Qxd5 Bxc3+ 13. bxc3 Qxc3+
14. Ke2 Qb2+ 15. Nd2 Nc6 16. Rab1 Qe5 17. Qd3+ Kg8 18. f4 Qe6 19. Rb2 d5 20.
Nf3 d4 21. e4 c4 22. Qb1 Qd6 23. e5 Qc5 24. Re1 Rfd8 25. Rb5 d3+ 26. Kf1 Qa3
27. Nd2 c3 28. Rb3 Qc5 29. Ne4 Qd4 30. Rxc3 Nb4 31. Qb2 Nc2 32. Rxc2 dxc2 33.
Qxc2 Rac8 34. Qe2 Qd3 35. Nd6 Qxe2+ 36. Rxe2 Rc1+ 37. Kf2 Rd1 38. Ke3 Kf8 39.
Rc2 R8xd6 40. exd6 Rxd6 41. Rc7 a6 42. g4 Rh6 43. Rc2 Ke7 44. g5 Rh3+ 45. Ke4
Kd6 46. Kf5 Ra3 47. h4 Ra5+ 48. Kg4 g6 49. Rf2 Ke7 50. Rb2 b5 51. Re2+ Kf8 52.
h5 gxh5+ 53. Kxh5 Ra3 54. f5 Rh3+ 55. Kg4 Rh1 56. Kf4 Rf1+ 57. Ke5 Ke7 58. f6+
Kd7 59. Rd2+ Kc7 60. Rg2 Kd7 61. g6 Re1+ 62. Kf5 Rf1+ {
Black overstepped the time limit} 1-0

[Event "4NCL Division 2a"]
[Site "Hinckley Island ENG"]
[Date "2014.01.11"]
[Round "3.31"]
[White "Posazhennikov, Alex"]
[Black "Lock, Gavin R"]
[Result "1-0"]
[WhiteElo "2253"]
[BlackElo "2186"]
[PlyCount "171"]
[EventDate "2014.01.11"]
[WhiteTeam "Poisoned Pawns"]
[BlackTeam "Wessex"]

1. d4 d5 2. c4 c6 3. Nf3 Nf6 4. Nc3 dxc4 5. a4 Bf5 6. e3 e6 7. Bxc4 Bb4 8. O-O
O-O 9. h3 a5 10. Qe2 Bg6 11. Ne5 Nbd7 12. Nxg6 hxg6 13. Rd1 Qe7 14. e4 e5 15.
d5 Nb6 16. Bb3 Rad8 17. Bg5 Rfe8 18. Rd3 Nbd7 19. dxc6 bxc6 20. Rg3 Nc5 21.
Bxf6 Qxf6 22. Rf3 Nxb3 23. Rxf6 gxf6 24. Rd1 Rxd1+ 25. Qxd1 Nd4 26. Qd3 Rb8 27.
Qa6 Kg7 28. g3 Rd8 29. Kg2 Rb8 30. Qa7 Rd8 31. Qb6 Ne6 32. Na2 Bd2 33. Qxc6 Rb8
34. Qc2 Bb4 35. Nc3 Nd4 36. Qd3 Bf8 37. Nd5 Rxb2 38. Qa6 Ne6 39. Qxa5 Bc5 40.
Qe1 Bd4 41. a5 Nc5 42. Nb4 f5 43. exf5 gxf5 44. a6 Ne4 45. Nd3 Rd2 46. g4 Rxd3
47. gxf5 Nxf2 48. a7 Ra3 49. Qc1 Rxa7 50. Qg5+ Kf8 51. f6 Nd3 52. Qg7+ Ke8 53.
Qg8+ Kd7 54. Qxf7+ Kd6 55. Qe8 Nf4+ 56. Kg3 Ne6 57. f7 e4 58. f8=Q+ Nxf8 59.
Qxf8+ Re7 60. Qd8+ Rd7 61. Qb8+ Ke6 62. Qb3+ Ke5 63. Qb5+ Rd5 64. Qe8+ Kf5 65.
Qf7+ Ke5 66. Qf4+ Ke6 67. Qxe4+ Be5+ 68. Kf3 Rd4 69. Qc6+ Kf5 70. Qc8+ Kg6 71.
Qe8+ Kf5 72. Qh5+ Ke6 73. h4 Bf6 74. Qe8+ Kf5 75. h5 Rd3+ 76. Ke2 Rd8 77. Qg6+
Ke6 78. h6 Rh8 79. h7 Ke7 80. Qg8 Be5 81. Ke3 Bf6 82. Ke4 Bc3 83. Kd5 Bb2 84.
Qe6+ Kf8 85. Qd7 Bf6 86. Ke6 1-0

[Event "4NCL Division 2a"]
[Site "Hinckley Island ENG"]
[Date "2014.01.11"]
[Round "3.32"]
[White "Rutter, Nick J"]
[Black "Swanson, Stephen"]
[Result "1/2-1/2"]
[WhiteElo "2174"]
[BlackElo "2228"]
[PlyCount "58"]
[EventDate "2014.01.11"]
[WhiteTeam "Wessex"]
[BlackTeam "Poisoned Pawns"]

1. e4 g6 2. d4 Bg7 3. Nc3 c6 4. f4 d5 5. e5 h5 6. Nf3 Nh6 7. Be3 Bg4 8. Bd3 e6
9. h3 Bxf3 10. Qxf3 Nf5 11. Bf2 h4 12. O-O Bf8 13. a4 Nd7 14. Ne2 Be7 15. c3 a5
16. Rfb1 Nb6 17. b3 Kf8 18. Kh2 Qc7 19. Ng1 Rc8 20. Qe2 c5 21. Bxf5 gxf5 22.
dxc5 Bxc5 23. Nf3 Be7 24. Qe1 Qd8 25. Rd1 Nd7 26. Rac1 Nc5 27. Bxc5 Rxc5 28.
Nd4 Rg8 29. Rd3 Qc7 1/2-1/2

[Event "4NCL Division 2a"]
[Site "Hinckley Island ENG"]
[Date "2014.01.11"]
[Round "3.33"]
[White "Byway, Paul V"]
[Black "Simons, Martin J"]
[Result "1-0"]
[WhiteElo "2115"]
[BlackElo "2117"]
[PlyCount "119"]
[EventDate "2014.01.11"]
[WhiteTeam "Poisoned Pawns"]
[BlackTeam "Wessex"]

1. Nf3 d6 2. d4 Bg4 3. e3 Nf6 4. c4 c5 5. Nc3 Nc6 6. Be2 e5 7. d5 Bxf3 8. Bxf3
Ne7 9. Bd2 Nf5 10. a3 Be7 11. O-O O-O 12. b4 Rc8 13. Be2 Qd7 14. Qa4 Qxa4 15.
Nxa4 b6 16. Nc3 Rfe8 17. Rfb1 h5 18. Nb5 a6 19. Na7 Ra8 20. Nc6 Bd8 21. bxc5
bxc5 22. Rb7 Ne7 23. Nxd8 Raxd8 24. Ba5 Rb8 25. Rab1 Rxb7 26. Rxb7 Nf5 27. Bd1
Kf8 28. Ba4 Rc8 29. Kf1 g6 30. Ke2 Ra8 31. f3 Rc8 32. Bc7 h4 33. Kf2 e4 34. Bc2
Re8 35. Rb8 Rxb8 36. Bxb8 Ke7 37. Bc7 g5 38. Bxe4 Nxe4+ 39. fxe4 Nh6 40. Kf3 f6
41. Ba5 Kd7 42. Bc3 Ke7 43. h3 Kf7 44. Be1 Ke7 45. g3 g4+ 46. Kg2 gxh3+ 47.
Kxh3 hxg3 48. Bxg3 Nf7 49. Kg4 Ng5 50. e5 dxe5 51. Bxe5 Ne4 52. Kf5 Nd2 53.
Bxf6+ Kd6 54. Be5+ Ke7 55. e4 Nxc4 56. Bf4 Nxa3 57. d6+ Kd7 58. e5 Nb5 59. e6+
Kc6 60. d7 1-0

[Event "4NCL Division 2a"]
[Site "Hinckley Island ENG"]
[Date "2014.01.11"]
[Round "3.34"]
[White "Gregory, Keith DF"]
[Black "Goodger, Martyn"]
[Result "1/2-1/2"]
[WhiteElo "2035"]
[BlackElo "2114"]
[PlyCount "55"]
[EventDate "2014.01.11"]
[WhiteTeam "Wessex"]
[BlackTeam "Poisoned Pawns"]

1. Nf3 f5 2. g3 Nf6 3. Bg2 g6 4. O-O Bg7 5. b3 O-O 6. Bb2 d6 7. c4 e5 8. d3 Nc6
9. Nc3 f4 10. a3 fxg3 11. hxg3 Bg4 12. Nd5 Nxd5 13. cxd5 Nd4 14. Bxd4 exd4 15.
Rc1 Rf7 16. Qd2 Bxf3 17. Bxf3 Qd7 18. Rc4 Qh3 19. Qg5 Bf6 20. Qg4 Qh6 21. Rc2
Re8 22. Kg2 Qg7 23. Be4 b6 24. f4 a5 25. Rfc1 Rfe7 26. Rf1 Rf7 27. Rfc1 Rfe7
28. Rf1 1/2-1/2

[Event "4NCL Division 2a"]
[Site "Hinckley Island ENG"]
[Date "2014.01.11"]
[Round "3.35"]
[White "Kemp, Paul R"]
[Black "de Coverly, Roger D"]
[Result "0-1"]
[WhiteElo "2102"]
[BlackElo "2018"]
[PlyCount "160"]
[EventDate "2014.01.11"]
[WhiteTeam "Poisoned Pawns"]
[BlackTeam "Wessex"]

1. e4 e5 2. Bc4 Nf6 3. d3 Nc6 4. Nf3 Be7 5. O-O O-O 6. Re1 d6 7. a3 Be6 8. Nbd2
Qd7 9. c3 Rfe8 10. Qb3 Na5 11. Bxe6 fxe6 12. Qc2 a6 13. d4 exd4 14. cxd4 Bf8
15. b4 Nc6 16. Bb2 Nd8 17. Rac1 Rc8 18. Nc4 Nf7 19. e5 Nd5 20. Qe4 b5 21. Ne3
dxe5 22. dxe5 c6 23. Bd4 Be7 24. h4 Nh6 25. Bc5 Rf8 26. Bxe7 Qxe7 27. Rc5 Nf5
28. Rec1 Qd7 29. Nxf5 exf5 30. Qc2 Nf4 31. Rd1 Qe8 32. Nd4 Kh8 33. Qd2 Qh5 34.
g3 Ng6 35. Qe2 Qxe2 36. Nxe2 f4 37. gxf4 Nxf4 38. Nxf4 Rxf4 39. Rxc6 Rg4+ 40.
Kf1 Re8 41. Re6 Rf8 42. Rxa6 Rxh4 43. Rb6 Rh1+ 44. Ke2 Rh2 45. Rf1 g5 46. Ke3
g4 47. e6 Kg7 48. Rxb5 Rf3+ 49. Ke4 Kf6 50. Re5 Rhxf2 51. Rxf2 Rxf2 52. Ke3
Rf3+ 53. Ke2 Ke7 54. a4 Rb3 55. Re4 h5 56. Kf2 Rb2+ 57. Kg3 Rb3+ 58. Kf4 g3 59.
Re2 h4 60. Kg4 Rxb4+ 61. Kh3 Rxa4 62. Kg2 Ra1 63. Re3 Ra2+ 64. Kg1 Ra6 65. Kg2
Rxe6 66. Ra3 Re2+ 67. Kg1 Kf6 68. Ra1 Kg5 69. Kh1 Kg4 70. Kg1 h3 71. Rb1 Kf3
72. Rb3+ Re3 73. Rb1 Rd3 74. Ra1 Ke2 75. Ra2+ Rd2 76. Ra1 Rd1+ 77. Rxd1 Kxd1
78. Kh1 Ke2 79. Kg1 Kf3 80. Kh1 g2+ 0-1

[Event "4NCL Division 2a"]
[Site "Hinckley Island ENG"]
[Date "2014.01.11"]
[Round "3.36"]
[White "Pleasants, Allan J"]
[Black "Rosen, Daniel B"]
[Result "1-0"]
[WhiteElo "2025"]
[BlackElo "2086"]
[PlyCount "85"]
[EventDate "2014.01.11"]
[WhiteTeam "Wessex"]
[BlackTeam "Poisoned Pawns"]

1. d4 f5 2. Bg5 d5 3. c4 c6 4. Nc3 dxc4 5. a4 Nf6 6. Nf3 Be6 7. e3 Nd5 8. Ne5
Nxc3 9. bxc3 b5 10. Be2 g6 11. Qb1 a6 12. Bf3 Bd5 13. e4 fxe4 14. Bxe4 Bg7 15.
O-O Qd6 16. Re1 Bxe5 17. dxe5 Qe6 18. Qb4 Bxe4 19. Rxe4 Ra7 20. axb5 cxb5 21.
Qc5 Nc6 22. Bh6 Rd7 23. h4 Nd8 24. Rae1 Rd5 25. Qe3 Nf7 26. Bg7 Rg8 27. Bf6 Nd8
28. Qh6 Qf7 29. Qe3 Rf8 30. Qa7 Qe6 31. Qa8 Kf7 32. Bg5 Kg7 33. Bxe7 Re8 34.
Bd6 Nf7 35. Qxa6 Rd3 36. R1e3 Rd1+ 37. Kh2 Nh6 38. Qb7+ Kg8 39. Rf3 Nf5 40.
Ref4 Nxd6 41. exd6 Rxd6 42. Re3 Qc8 43. Qf7+ 1-0

[Event "4NCL Division 2a"]
[Site "Hinckley Island ENG"]
[Date "2014.01.11"]
[Round "3.37"]
[White "McCorry, Robert T"]
[Black "Gill, Oliver"]
[Result "0-1"]
[WhiteElo "2061"]
[BlackElo "1981"]
[PlyCount "106"]
[EventDate "2014.01.11"]
[WhiteTeam "Poisoned Pawns"]
[BlackTeam "Wessex"]

1. c4 b6 2. Nc3 Bb7 3. e4 e5 4. Nf3 Nc6 5. Be2 Bc5 6. O-O d6 7. a3 a5 8. Na4
Nge7 9. Nxc5 bxc5 10. d3 O-O 11. Ng5 h6 12. Nh3 f5 13. f4 fxe4 14. dxe4 exf4
15. Nxf4 Nd4 16. Bd3 Nec6 17. Be3 Qd7 18. Rc1 Rf7 19. Ng6 Rxf1+ 20. Qxf1 Qg4
21. Bxd4 cxd4 22. Qf5 Qxf5 23. exf5 Ne5 24. Bb1 Nxg6 25. fxg6 Re8 26. c5 dxc5
27. Ba2+ Kh8 28. Rxc5 d3 29. Rxc7 d2 30. Bb3 Bd5 31. Ba4 d1=Q+ 32. Bxd1 Re1+
33. Kf2 Rxd1 34. Rc8+ Bg8 35. Ra8 Rd2+ 36. Kg3 Rxb2 37. Rxa5 Rb6 38. Ra8 Rxg6+
39. Kf2 Kh7 40. g3 Rc6 41. g4 Rc2+ 42. Kg3 Rg2+ 43. Kh3 Rg1 44. Ra6 Bc4 45. Ra4
Be6 46. Re4 Bc8 47. Rc4 Ba6 48. Ra4 Bf1+ 49. Kh4 Rg2 50. Kh3 g5 51. Ra7+ Kg8
52. Ra8+ Kf7 53. Ra7+ Ke8 0-1

[Event "4NCL Division 2a"]
[Site "Hinckley Island ENG"]
[Date "2014.01.11"]
[Round "3.38"]
[White "Zhou, Yang-Jian"]
[Black "Sucikova, Svetlana"]
[Result "0-1"]
[WhiteElo "1706"]
[BlackElo "1934"]
[PlyCount "88"]
[EventDate "2014.01.11"]
[WhiteTeam "Wessex"]
[BlackTeam "Poisoned Pawns"]

1. c4 e5 2. g3 Nc6 3. Bg2 g6 4. Nc3 Bg7 5. e4 d6 6. Nge2 f5 7. d3 Nf6 8. Bg5 h6
9. Bxf6 Bxf6 10. Nd5 Bg7 11. b4 O-O 12. b5 Ne7 13. Nec3 Kh7 14. O-O f4 15. Nxe7
Qxe7 16. Nd5 Qf7 17. Qf3 h5 18. h3 g5 19. g4 hxg4 20. hxg4 Kg6 21. Bh3 Be6 22.
Kg2 Rh8 23. Rh1 Raf8 24. Rh2 Rh4 25. Rg1 Rfh8 26. a4 Bf8 27. Kf1 c6 28. Nb4 Qc7
29. bxc6 bxc6 30. Ke2 Qb6 31. Nc2 Qb2 32. Kd2 Be7 33. Rhh1 Bd8 34. Qd1 Rxh3 35.
Rxh3 Rxh3 36. Ke2 Bb6 37. Kf1 Rh2 38. Rg2 Rh1+ 39. Rg1 Rxg1+ 40. Kxg1 f3 41. a5
Bc5 42. d4 Bxd4 43. Nxd4 Qxd4 44. Qxf3 Kg7 0-1

[Event "4NCL Division 2a"]
[Site "Hinckley Island ENG"]
[Date "2014.01.11"]
[Round "3.41"]
[White "Player, Edmund C"]
[Black "Sathyanandha, Saravanan"]
[Result "1/2-1/2"]
[WhiteElo "2243"]
[BlackElo "2168"]
[PlyCount "123"]
[EventDate "2014.01.11"]
[WhiteTeam "Anglian Avengers 1"]
[BlackTeam "KJCA Kings"]

1. e4 e6 2. d4 d5 3. exd5 exd5 4. c4 Nf6 5. Nc3 Be7 6. Nf3 O-O 7. Be2 Bg4 8. h3
Bh5 9. O-O dxc4 10. g4 Bg6 11. Ne5 Bd3 12. Nxd3 cxd3 13. Qxd3 Nc6 14. Be3 Nb4
15. Qf5 c6 16. Bc4 Qd7 17. Qxd7 Nxd7 18. a3 Nb6 19. Bb3 N4d5 20. Bd2 Rad8 21.
Rfe1 Bf6 22. Re4 h6 23. a4 Nxc3 24. bxc3 c5 25. a5 Nd5 26. Rae1 Nc7 27. Be3
cxd4 28. Bxd4 Bxd4 29. cxd4 Nb5 30. d5 Rd6 31. Kg2 Nc3 32. Rd4 Rfd8 33. Kf3 b6
34. Rd3 Nb5 35. axb6 Rxb6 36. Re7 a5 37. Ba4 Nd6 38. Rc7 Rb4 39. Bc6 Nc4 40.
Kg3 Rb6 41. Rc3 Nd6 42. Re3 Ra6 43. f3 a4 44. Ree7 Nc8 45. Rxf7 a3 46. Rxg7+
Kh8 47. Rgd7 Rxd7 48. Rxc8+ Kg7 49. Bxd7 a2 50. Rc1 a1=Q 51. Rxa1 Rxa1 52. Kf4
Kf6 53. h4 Rh1 54. g5+ Ke7 55. Bg4 Rxh4 56. g6 Kf6 57. d6 Rh1 58. d7 Rd1 59.
Kg3 Kxg6 60. f4 Rd6 61. Kf3 Kf6 62. Ke3 1/2-1/2

[Event "4NCL Division 2a"]
[Site "Hinckley Island ENG"]
[Date "2014.01.11"]
[Round "3.42"]
[White "Green, Andrew D"]
[Black "Spence, David J"]
[Result "1/2-1/2"]
[WhiteElo "2144"]
[BlackElo "2216"]
[PlyCount "39"]
[EventDate "2014.01.11"]
[WhiteTeam "KJCA Kings"]
[BlackTeam "Anglian Avengers 1"]

1. c4 e5 2. g3 d6 3. Bg2 f5 4. d4 Nf6 5. Nc3 Be7 6. dxe5 dxe5 7. Qxd8+ Bxd8 8.
b3 c6 9. Bb2 O-O 10. Nf3 Bc7 11. O-O e4 12. Nd4 a5 13. Rad1 Na6 14. f3 exf3 15.
exf3 Bd7 16. Rfe1 Rfe8 17. Bh3 g6 18. Na4 Rxe1+ 19. Rxe1 Kf7 20. Bf1 1/2-1/2